Responsabilidad Civil Objetiva.
Uloženo v:
| Hlavní autor: | |
|---|---|
| Další autoři: | , , , , , , , , , |
| Médium: | Kniha |
| Vydáno: |
Buenos Aires, Argentina:
Abedelo-Perrot,
1995.
|
| Témata: | |
| Tagy: |
Přidat tag
Žádné tagy, Buďte první, kdo vytvoří štítek k tomuto záznamu!
|
MARC
| LEADER | 00000nam a22000007a 4500 | ||
|---|---|---|---|
| 003 | CL-VaPUC | ||
| 005 | 20240108121306.0 | ||
| 008 | 231128t1995 ||||| |||| 00| 0 eng d | ||
| 999 | |c 442627 |d 442625 | ||
| 020 | |a 950-20-0885-5 | ||
| 040 | |c Pontificia Universidad Católica de Valparaíso | ||
| 082 | 0 | 4 | |2 21 |a 346.8203 LOP 1995 |
| 100 | 1 | |a López Cabana, Roberto Manuel |e autor |e coordinador |9 886246 | |
| 245 | 1 | 0 | |a Responsabilidad Civil Objetiva. |
| 260 | |a Buenos Aires, Argentina: |b Abedelo-Perrot, |c 1995. | ||
| 300 | |a 255 páginas. | ||
| 500 | |a c.1 Donación Jorge López Santa María. Memo 48. 24-11-2023 | ||
| 505 | |a - Derecho Minero - Derecho Aeronáutico - Accidentes de trabajo - Daños nucleares - Residuos peligrosos - Acción civil y criminal - Responsabilidad contractual objetiva - Responsabilidad por las cosas - Responsabilidad por Derecho Ajeno - Responsabilidad por los animales - Responsabilidad colectiva | ||
| 583 | |c 20231128 |k Catalogador Asistente | ||
| 650 | 1 | |a Responsabilidad civil |z Argentina |9 885366 | |
| 650 | 1 | |a Daños y perjuicios |x Legislación argentina |9 885932 | |
| 650 | 1 | |a Actos ilícitos |9 258712 | |
| 700 | |a Santarelli, Fulvio Germán |e autor |9 886247 | ||
| 700 | |a Beati, Ricardo C. |e autor |9 886248 | ||
| 700 | |a Paoli, Silvia de |e autor |9 886249 | ||
| 700 | |a Cammarota, Antonio Rafael |e autor |9 886250 | ||
| 700 | |a Christello, Martín A. |e autor |9 886251 | ||
| 700 | |a Poderti, Carlos A. |e autor |9 886252 | ||
| 700 | |a Mugione, Graciela |e autor |9 886253 | ||
| 700 | |a Tanzi, Silvia Y. |e autor |9 886254 | ||
| 700 | |a Montalto, Ana |e autor |9 886255 | ||
| 700 | |a González Guerrico, César |e autor |9 886256 | ||
| 942 | |2 ddc |c BK | ||
| 952 | |0 0 |1 0 |2 ddc |4 0 |6 346_820300000000000_LOP_1995 |7 0 |8 A |9 592693 |a BIBDER |b BIBDER |d 2023-11-28 |e Donación |i 5659696 |o 346.8203 LOP 1995 |p 5659696 |r 2023-11-28 |t 1 |w 2023-11-28 |y BK |k DER | ||